[Event "HUN-chT2 Asztalos 1516"]
[Site "Hungary"]
[Date "2015.10.04"]
[Round "2.1"]
[White "Mathe, Gaspar"]
[Black "Janoshalmi, Attila"]
[Result "1/2-1/2"]
[WhiteElo "2321"]
[BlackElo "2253"]
[PlyCount "47"]
[EventDate "2015.09.13"]
[EventType "team-tourn"]
[EventRounds "11"]
[EventCountry "HUN"]
[SourceTitle "CBM 170 Extra"]
[Source "ChessBase"]
[SourceDate "2016.02.25"]
[SourceVersion "1"]
[SourceVersionDate "2016.02.25"]
[SourceQuality "1"]
[WhiteTeam "Nagyatad"]
[BlackTeam "Kiraly Sakk"]
[WhiteTeamCountry "HUN"]
[BlackTeamCountry "HUN"]

1. e4 e6 2. d4 d5 3. Nc3 Bb4 4. exd5 exd5 5. Bd3 Nf6 6. Nge2 0-0 7. 0-0 Bg4 8. h3 Bh5 9. Bg5 c6 10. f4 Bxc3 11. bxc3 Bxe2 12. Qxe2 Nbd7 13. Rab1 b5 14. a4 a6 15. Ra1 Re8 16. Qf3 h6 17. Bh4 Nb6 18. axb5 axb5 19. Rxa8 Nxa8 20. g4 Qd6 21. g5 Ne4 22. Re1 hxg5 23. Bxg5 Qe6 24. Re2 1/2-1/2

[Event "HUN-chT2 Asztalos 1314"]
[Site "Hungary"]
[Date "2014.04.13"]
[Round "8"]
[White "Havasi, Gergo"]
[Black "Janoshalmi, Attila"]
[Result "1-0"]
[WhiteElo "2166"]
[BlackElo "2243"]
[PlyCount "81"]
[EventDate "2013.09.08"]
[EventType "team-tourn"]
[EventRounds "9"]
[EventCountry "HUN"]
[SourceTitle "EXT 2016"]
[Source "ChessBase"]
[SourceDate "2015.10.08"]
[SourceVersion "1"]
[SourceVersionDate "2015.10.08"]
[SourceQuality "1"]
[WhiteTeam "MAV Elore"]
[BlackTeam "Kiraly Sakk"]
[WhiteTeamCountry "HUN"]
[BlackTeamCountry "HUN"]

1. e4 e6 2. d4 d5 3. Nd2 Nf6 4. e5 Nfd7 5. Bd3 c5 6. c3 Nc6 7. Ne2 cxd4 8. cxd4 f6 9. exf6 Nxf6 10. 0-0 Bd6 11. Nf3 0-0 12. Bf4 Bxf4 13. Nxf4 Ne4 14. Qc1 Qf6 15. Ne2 h6 16. Qe3 Ng5 17. Ne5 Nf7 18. f4 Ncxe5 19. dxe5 Qe7 20. Rac1 Nd8 21. Bb1 Nc6 22. Qd3 Rf5 23. Ng3 g6 24. Nxf5 gxf5 25. Qh3 Kh7 26. Kh1 Bd7 27. a3 Rg8 28. Bd3 a6 29. Rc2 Rg7 30. Rc3 Qf8 31. Bb1 Ne7 32. Rg3 Ng6 33. Bd3 Bc6 34. Be2 Rg8 35. Bh5 Ne7 36. Rxg8 Nxg8 37. Rc1 Qd8 38. Bf7 Qd7 39. Qh5 Ne7 40. Rc3 d4 41. Rg3 1-0

[Event "HUN-chT2 Charousek 1213"]
[Site "Hungary"]
[Date "2013.02.17"]
[Round "7"]
[White "Meszaros, Tamas"]
[Black "Janoshalmi, Attila"]
[Result "1-0"]
[WhiteElo "2428"]
[BlackElo "2265"]
[PlyCount "79"]
[EventDate "2012.09.16"]
[EventType "team-tourn"]
[EventRounds "11"]
[EventCountry "HUN"]
[SourceTitle "EXT 2014"]
[Source "ChessBase"]
[SourceDate "2013.11.20"]
[SourceVersion "1"]
[SourceVersionDate "2013.11.20"]
[SourceQuality "1"]
[WhiteTeam "Csuti"]
[BlackTeam "Fehervar"]
[WhiteTeamCountry "HUN"]
[BlackTeamCountry "HUN"]

1. e4 e6 2. d4 d5 3. Nd2 Nf6 4. e5 Nfd7 5. Bd3 c5 6. c3 Nc6 7. Ngf3 cxd4 8. cxd4 Qb6 9. 0-0 Nxd4 10. Nxd4 Qxd4 11. Nf3 Qb6 12. Qa4 Qb4 13. Qc2 Nc5 14. Bd2 Qa4 15. b3 Qd7 16. Be2 d4 17. Ne1 Qd5 18. Bf4 Be7 19. b4 d3 20. Nxd3 Nxd3 21. Bxd3 Bd7 22. Be4 Qb5 23. a4 Qxb4 24. Rfb1 Qc5 25. Qxc5 Bxc5 26. Rxb7 Rc8 27. a5 h6 28. Be3 Bxe3 29. fxe3 a6 30. Bd3 Rd8 31. Bxa6 0-0 32. Rc7 Bc8 33. Be2 Rd2 34. Kf1 Rd5 35. a6 Bxa6 36. Rxa6 Rxe5 37. Kf2 Rb8 38. Rac6 Rf5+ 39. Bf3 Rbb5 40. g4 1-0

[Event "HUN-chT2 Charousek 1213"]
[Site "Hungary"]
[Date "2012.09.16"]
[Round "1"]
[White "Janoshalmi, Attila"]
[Black "Vidovic, Sasa"]
[Result "1/2-1/2"]
[WhiteElo "2265"]
[BlackElo "2365"]
[PlyCount "36"]
[EventDate "2012.09.16"]
[EventType "team-tourn"]
[EventRounds "11"]
[EventCountry "HUN"]
[SourceTitle "EXT 2014"]
[Source "ChessBase"]
[SourceDate "2013.11.20"]
[SourceVersion "1"]
[SourceVersionDate "2013.11.20"]
[SourceQuality "1"]
[WhiteTeam "Fehervar"]
[BlackTeam "Haladas II"]
[WhiteTeamCountry "HUN"]
[BlackTeamCountry "HUN"]

1. d4 Nf6 2. Bg5 g6 3. Bxf6 exf6 4. e3 d5 5. g3 c6 6. Bg2 h5 7. h4 Bh6 8. Ne2 Bg4 9. Qd3 0-0 10. Nf4 Bxf4 11. gxf4 Re8 12. Nd2 Qd6 13. Kf1 Na6 14. Bh3 Nb4 15. Qc3 Rac8 16. a3 Na6 17. b4 Kg7 18. Qd3 Qe6 1/2-1/2

[Event "HUN-chT2 Charousek 1112"]
[Site "Hungary"]
[Date "2011.11.27"]
[Round "4"]
[White "Janoshalmi, Attila"]
[Black "Schneider, Veronika"]
[Result "0-1"]
[WhiteElo "2256"]
[BlackElo "2297"]
[PlyCount "84"]
[EventDate "2011.09.25"]
[EventType "team-tourn"]
[EventRounds "11"]
[EventCountry "HUN"]
[SourceTitle "EXT 2013"]
[Source "ChessBase"]
[SourceDate "2012.11.22"]
[SourceVersion "1"]
[SourceVersionDate "2012.11.22"]
[SourceQuality "1"]
[WhiteTeam "Fehervar"]
[BlackTeam "Penzugyor II"]
[WhiteTeamCountry "HUN"]
[BlackTeamCountry "HUN"]

1. d4 Nf6 2. Bg5 d5 3. Bxf6 gxf6 4. c4 c5 5. Nc3 dxc4 6. d5 Qb6 7. Qa4+ Bd7 8. Qxc4 Qxb2 9. Rb1 Qc2 10. Qb3 Qxb3 11. Rxb3 b6 12. e4 e6 13. f4 Be7 14. Nf3 Bd8 15. Bd3 exd5 16. exd5 0-0 17. Kf2 Re8 18. Rbb1 a6 19. a4 a5 20. Rhe1 Rxe1 21. Rxe1 Na6 22. Bb5 Ra7 23. Bxd7 Rxd7 24. Re8+ Kg7 25. Nb5 Rxd5 26. g4 Nc7 27. Rxd8 Rxd8 28. Nxc7 Rd3 29. Ke2 Ra3 30. Ne8+ Kh8 31. Nxf6 Rxa4 32. Nd5 b5 33. h4 Rc4 34. h5 Kg7 35. g5 a4 36. Ne5 Rd4 37. h6+ Kf8 38. Nd7+ Ke8 39. N5f6+ Ke7 40. Nxc5 a3 41. Nxh7 a2 42. Nb3 Rb4 0-1

[Event "HUN-chT2 Asztalos 1011"]
[Site "Hungary"]
[Date "2011.05.15"]
[Round "11.1"]
[White "Vrban, Mladen"]
[Black "Janoshalmi, Attila"]
[Result "1/2-1/2"]
[WhiteElo "2327"]
[BlackElo "2274"]
[PlyCount "24"]
[EventDate "2010.09.12"]
[EventType "team-tourn"]
[EventRounds "11"]
[EventCountry "HUN"]
[SourceTitle "EXT 2012"]
[Source "ChessBase"]
[SourceDate "2011.11.24"]
[SourceVersion "1"]
[SourceVersionDate "2011.11.24"]
[SourceQuality "1"]
[WhiteTeam "Nagyatad"]
[BlackTeam "Fehervar"]
[WhiteTeamCountry "HUN"]
[BlackTeamCountry "HUN"]

1. e4 e6 2. d4 d5 3. Nd2 Nf6 4. e5 Nfd7 5. Bd3 c5 6. c3 Nc6 7. Ndf3 cxd4 8. cxd4 Nb4 9. Bb1 Nc6 10. Bd3 Nb4 11. Bb1 Nc6 12. Bd3 Nb4 1/2-1/2

[Event "HUN-chT2 Asztalos 1011"]
[Site "Hungary"]
[Date "2011.04.17"]
[Round "9.2"]
[White "Janoshalmi, Attila"]
[Black "Babits, Andras"]
[Result "1-0"]
[WhiteElo "2274"]
[BlackElo "2158"]
[PlyCount "83"]
[EventDate "2010.09.12"]
[EventType "team-tourn"]
[EventRounds "11"]
[EventCountry "HUN"]
[SourceTitle "EXT 2012"]
[Source "ChessBase"]
[SourceDate "2011.11.24"]
[SourceVersion "1"]
[SourceVersionDate "2011.11.24"]
[SourceQuality "1"]
[WhiteTeam "Fehervar"]
[BlackTeam "Marcali"]
[WhiteTeamCountry "HUN"]
[BlackTeamCountry "HUN"]

1. d4 Nf6 2. Bg5 d6 3. Bxf6 gxf6 4. c4 f5 5. e3 Bg7 6. Nc3 c5 7. Nge2 cxd4 8. exd4 Nc6 9. Qd2 h5 10. h4 Bd7 11. g3 e6 12. Bg2 Qb6 13. Bxc6 bxc6 14. 0-0 Bh6 15. Qd3 Rg8 16. b4 Qd8 17. Kh2 Rb8 18. b5 cxb5 19. Nxb5 Bxb5 20. cxb5 Qf6 21. Qf3 d5 22. Qa3 Qe7 23. Qd3 f4 24. a4 Rg4 25. a5 Qf6 26. b6 axb6 27. a6 Kf8 28. a7 Ra8 29. Ng1 Kg7 30. Nf3 Kh8 31. Ne5 Rg7 32. Ra6 Qd8 33. Qf3 Qc7 34. Qxh5 Rh7 35. Qf3 Rxa7 36. Rfa1 Rxa6 37. Rxa6 fxg3+ 38. Kh3 Bf8 39. Ra8 Kg8 40. Ng4 Qe7 41. Nf6+ Kh8 42. Qg4 1-0

[Event "Dunaujvaros op"]
[Site "Dunaujvaros"]
[Date "2011.03.13"]
[Round "4"]
[White "Haszon, Kamilla Sara"]
[Black "Janoshalmi, Attila"]
[Result "0-1"]
[WhiteElo "1779"]
[BlackElo "2265"]
[PlyCount "62"]
[EventDate "2011.03.12"]
[EventType "swiss"]
[EventRounds "7"]
[EventCountry "HUN"]
[SourceTitle "CBM 141 Extra"]
[Source "ChessBase"]
[SourceDate "2011.05.03"]
[SourceVersion "1"]
[SourceVersionDate "2011.05.03"]
[SourceQuality "1"]

1. e4 e6 2. d4 d5 3. Nd2 Nf6 4. e5 Nfd7 5. f4 c5 6. c3 Nc6 7. Ndf3 Qb6 8. a3 cxd4 9. cxd4 f6 10. b4 Be7 11. Bd3 0-0 12. Ne2 Kh8 13. Qc2 fxe5 14. fxe5 Rxf3 15. gxf3 Nxd4 16. Nxd4 Qxd4 17. Bb2 Bh4+ 18. Kd1 Qf4 19. Qe2 Nb6 20. Rg1 Bd7 21. Rg4 Ba4+ 22. Bc2 Bxc2+ 23. Kxc2 Qf5+ 24. Qd3 Rc8+ 25. Kd2 Bg5+ 26. Rxg5 Qxg5+ 27. Ke1 Qg1+ 28. Qf1 Qxh2 29. Bd4 Rc2 30. Rd1 Qg3+ 31. Bf2 Qxe5+ 0-1

[Event "HUN-chT2 Asztalos 1011"]
[Site "Hungary"]
[Date "2010.11.07"]
[Round "5.2"]
[White "Janoshalmi, Attila"]
[Black "Akots, Gabor"]
[Result "1/2-1/2"]
[WhiteElo "2274"]
[BlackElo "2250"]
[PlyCount "61"]
[EventDate "2010.09.12"]
[EventType "team-tourn"]
[EventRounds "11"]
[EventCountry "HUN"]
[SourceTitle "EXT 2012"]
[Source "ChessBase"]
[SourceDate "2011.11.24"]
[SourceVersion "1"]
[SourceVersionDate "2011.11.24"]
[SourceQuality "1"]
[WhiteTeam "Fehervar"]
[BlackTeam "Szekesfehervar"]
[WhiteTeamCountry "HUN"]
[BlackTeamCountry "HUN"]

1. d4 Nf6 2. Bg5 Ne4 3. Bf4 c5 4. f3 Qa5+ 5. c3 Nf6 6. Nd2 cxd4 7. Nb3 Qf5 8. Bxb8 Rxb8 9. Qxd4 b6 10. e4 Qf4 11. Ne2 Qc7 12. e5 Ng8 13. Ng3 f6 14. f4 g6 15. exf6 Nxf6 16. Be2 Bg7 17. 0-0 e6 18. Ne4 0-0 19. Qd6 Qxd6 20. Nxd6 Ne8 21. Nxc8 Rxc8 22. Rad1 Nf6 23. Bf3 Kf7 24. Rfe1 Ke7 25. g3 Ne8 26. Rd3 Rc7 27. Red1 a5 28. Kg2 a4 29. Nd4 Bxd4 30. Rxd4 a3 31. b3 1/2-1/2

[Event "HUN-chT2 Charousek 0910"]
[Site "Hungary"]
[Date "2010.01.31"]
[Round "5"]
[White "Janoshalmi, Attila"]
[Black "Kerek, Krisztian"]
[Result "1/2-1/2"]
[WhiteElo "2265"]
[BlackElo "2329"]
[PlyCount "62"]
[EventDate "2009.11.08"]
[EventType "team-tourn"]
[EventRounds "11"]
[EventCountry "HUN"]
[SourceTitle "EXT 2011"]
[Source "ChessBase"]
[SourceDate "2010.11.26"]
[SourceVersion "1"]
[SourceVersionDate "2010.11.26"]
[SourceQuality "1"]
[WhiteTeam "Fehervar"]
[BlackTeam "Tatai Honved"]
[WhiteTeamCountry "HUN"]
[BlackTeamCountry "HUN"]

1. d4 Nf6 2. Bg5 Ne4 3. Bf4 c5 4. f3 Qa5+ 5. c3 Nf6 6. Nd2 cxd4 7. Nb3 Qd8 8. Bxb8 Rxb8 9. Qxd4 a6 10. Qa7 Qc7 11. e4 e6 12. Bxa6 Bd6 13. Bd3 Bxh2 14. 0-0-0 b6 15. Qxc7 Bxc7 16. Ne2 Bb7 17. Nbd4 Ra8 18. Nb5 Bb8 19. Kb1 d5 20. exd5 Nxd5 21. Be4 f5 22. Bxd5 Bxd5 23. b3 Ke7 24. Ned4 Kf6 25. Rhe1 Bg3 26. Re3 Rae8 27. c4 Ba8 28. Ne2 Bb8 29. Nbc3 Rd8 30. Re1 Rhe8 31. Na4 Bg3 1/2-1/2